Les 20 villes les plus peuplées de l'Aude (11) - Statistiques

Statistiques générales
  • Ce quiz a été pris 78 fois
  • Le résultat moyen est 10 sur 20
Statistiques - réponses
HINT HINT ANSWER % Correct
56 692 N Narbonne
98%
46 429 C Carcassonne
97%
12 212 C Castelnaudary
84%
10 339 L Limoux
73%
5 068 G Gruissan
66%
10 855 L Lézignan-Corbières
64%
2 992 Q Quillan
59%
4 531 L Leucate
58%
5 620 S Sigean
50%
5 882 P Port-la-Nouvelle
47%
5 386 T Trèbes
47%
4 071 F Fleury
45%
5 762 C Coursan
44%
3 252 B Bram
34%
4 070 C Cuxac-d'Aude
34%
4 434 V Villemoustaussou
33%
3 280 S Salles-d'Aude
25%
2 692 P Palaja
23%
3 104 S Sallèles-d'Aude
22%
2 875 P Pennautier
20%
Aucun quiz correspondant
Distribution des résultats
% des personnes avec chaque résultat
Percentile par nombre de réponses
Votre historique - résultats
Vous n’avez pas pris ce quiz